000 00663nam a2200229Ia 4500
003 OSt
005 20220923230203.0
006 a|||||r|||| 00| 0
007 ta
008 220922b |||||||| |||| 00| 0 san d
024 _a278,169
037 _cTextual
040 _aARTS
_cARTS
_bsan
041 _2san
_asan
082 _aO153,3NSA,JB, K6
100 _aਸੰਧੂ, ਬਲਜੀਤ ਸਿੰਘ
_9156315
245 0 _aਜਬੈ ਬਾਣ ਲਾਗੈ
260 _c1966
650 _aਪੰਜਾਬੀ ਸਾਹਿਤ
942 _hO153,3NSA,JB, K6
_cTEXL
_2CC
999 _c383126
_d383126